000 00223 a2200097 4500
001 27965
100 _aCurrie, I G
245 _aFundamentals of mechanics of fluids
260 _a
_bMcGraw-Hill
_c1974
090 _c18673
_d18673
942 _aNUST-CAE
_cM
_c9639
999 _c263038
_d263038